| 000 | 00721cam a2200229 i 4500 | ||
|---|---|---|---|
| 001 | bg | ||
| 003 | BPK | ||
| 005 | 20190829135815.0 | ||
| 008 | 950505s1985 pl f |000 0 pol | ||
| 040 | _cBPK | ||
| 041 | _apol | ||
| 080 | _a62-5 | ||
| 245 | 0 | 0 |
_aSterowanie i zarządzanie eksploatacją sytemów technicznych. _nT. 2 / _cpod red. Stefana Ziemby. |
| 260 |
_aWarszawa, _c1985. |
||
| 658 | _aInżynieria i technika | ||
| 650 | 4 | _aSterowanie | |
| 650 | 4 | _aObsługa i eksploatacja | |
| 650 | 4 | _aUrządzenia | |
| 700 | 1 |
_aZiemba, Stefan _d(1907-1994) _eRedakcja |
|
| 856 |
_uhttp://koha.tu.koszalin.pl/cgi-bin/koha/opac-detail.pl?biblionumber=28138 _yKatalog online BPK |
||
| 942 |
_cKS _2UKD |
||
| 999 |
_c28138 _d28138 |
||